| 000 | 01015nam a2200289 i 4500 | ||
|---|---|---|---|
| 003 | EG-GICUC | ||
| 005 | 20260420082651.0 | ||
| 008 | 260420s1911 fre||||fr|||| 001 0 fre d | ||
| 040 |
_aEG-GiCUC _bfre _cEG-GiCUC _dEG-GiCUC _eRda |
||
| 041 | _afre | ||
| 082 | 0 | 4 |
_221 _a343 _bGA . C |
| 092 | 0 | 4 | _221 |
| 099 | _aLaw1 10 343 GA . C 1911 | ||
| 100 | 1 | _aGarçon , E. | |
| 245 | 1 | 0 |
_aCode Pénal : _bFontenant Both Craque Artikle L'araltre De La Doctrine Et De La Jurisprcurekon / _cE. Garçon . |
| 264 |
_aParis : _bLibrairie De La Société Du Recueil Général Des Lois Et Arrêts , _c1911. |
||
| 300 |
_a379 page : _c 24 cm. |
||
| 336 |
_2rda contenu _a texte |
||
| 337 |
_2rda medias _aOrdinateur |
||
| 338 |
_2 transporteur rda _a Ressource en ligne |
||
| 504 | _aComprend des références bibliographiques et un index. | ||
| 650 | 1 | 4 |
_aSciences Criminelles _2qrmak |
| 651 | 1 | _2qrmak | |
| 856 | 4 | 0 | _uhttps://fll.law.cu.edu.eg/fulltext/bks/B10-09984.pdf |
| 905 |
_a168 _eEman |
||
| 942 |
_2ddc _cBK _e21 _n0 |
||
| 999 |
_c72064 _d72064 |
||